Syndróm vyhorenia u terénnych sociálnych pracovníkov sociálnoprávnej ochrany detí a sociálnej kurately

Miera výskytu syndrómu vyhorenia u terénnych sociálnych pracovníkov v oblasti sociálnoprávnej ochrany detí a sociálnej kurately a identifikovanie preventívnych opatrení, ktoré pomáhajú predchádzať vyhoreniu. V závere výskumu sú formulované konkrétne odporúčania do praxe, ktoré vychádzajú z návrhov...

Ausführliche Beschreibung

Gespeichert in:
Bibliographische Detailangaben
1. Verfasser: Zaťková, Lenka
Weitere Verfasser: Gažíková, Elena
Format: Buchkapitel
Schlagworte:
Tags: Tag hinzufügen
Keine Tags, Fügen Sie das erste Tag hinzu!

MARC

LEADER 00000naa a2200000 4500
001 0300332
005 20250514125550.0
044 |a SK 
245 1 0 |a Syndróm vyhorenia u terénnych sociálnych pracovníkov sociálnoprávnej ochrany detí a sociálnej kurately  |c Lenka Zaťková, Elena Gažíková 
520 |a Miera výskytu syndrómu vyhorenia u terénnych sociálnych pracovníkov v oblasti sociálnoprávnej ochrany detí a sociálnej kurately a identifikovanie preventívnych opatrení, ktoré pomáhajú predchádzať vyhoreniu. V závere výskumu sú formulované konkrétne odporúčania do praxe, ktoré vychádzajú z návrhov terénnych sociálnych pracovníkov. 
610 2 0 |a práca sociálna 
610 2 0 |a pracovníci sociálni 
610 2 0 |a výkony pracovné 
610 2 0 |a syndróm vyhorenia 
610 2 0 |a prevencia sociálna 
610 2 0 |a starostlivosť sociálna 
610 2 0 |a kuratela sociálna 
610 2 0 |a výskum aplikovaný 
100 1 |a Zaťková, Lenka 
700 1 |a Gažíková, Elena